Catálogo

INTERNATIONAL LOGOS E TRADEMARKS II (Registro nro. 16153)

Detalles MARC
000 -LEADER
fixed length control field 00431nam a2200157 a 4500
001 - CONTROL NUMBER
control field 16153
005 - DATE AND TIME OF LATEST TRANSACTION
control field 20180713205015.0
008 - FIXED-LENGTH DATA ELEMENTS--GENERAL INFORMATION
fixed length control field 140415s1993 000 0 spa d
020 ## - INTERNATIONAL STANDARD BOOK NUMBER
International Standard Book Number 0942604261
041 ## - LANGUAGE CODE
Language code of text/sound track or separate title spa
082 ## - DEWEY DECIMAL CLASSIFICATION NUMBER
Classification number 659.132
Item number INT
245 00 - TITLE STATEMENT
Title INTERNATIONAL LOGOS E TRADEMARKS II
260 ## - PUBLICATION, DISTRIBUTION, ETC.
Place of publication, distribution, etc. [s.l.] :
Name of publisher, distributor, etc. SUPON DESIGN GROUP,
Date of publication, distribution, etc. 1993
300 ## - PHYSICAL DESCRIPTION
Extent 193
650 14 - SUBJECT ADDED ENTRY--TOPICAL TERM
Topical term or geographic name entry element PUBLICIDAD COMERCIAL ARTISTICA IMPRESA
Existencias
Withdrawn status Lost status Source of classification or shelving scheme Damaged status Not for loan Collection code Home library Current library Shelving location Date acquired Source of acquisition Inventory number Total Checkouts Full call number Barcode Date last seen Price effective from Koha item type
    Dewey Decimal Classification     General Biblioteca Karol Wojtyla Biblioteca Karol Wojtyla Área de silencio 03/12/2013 Compra 151000000000000000030391   659.132 INT 33898 05/01/2026 03/12/2013 Libro